000 00189nam a2200085Ia 4500
008 191206s9999 xx 000 0 und d
020 _a9.7808E+12
245 0 _a90Robert Mugabe
260 _cc2014
999 _c15345
_d15345